000 00887cam a22002054a 4500
005 20250605164407.0
008 250528s ||||||||||||||||||||||||d
035 _a24854
020 _a9798836363796
040 _aGR-AtMCL
_bgre
_dGR-AtMCL
_eAACR2
245 1 _aFoundations of Computer Science / Fundamentals of Productive Uses of Computers
250 _a1st
300 _a138
520 _aProduction, Introduction, Programs and Production, Infrastructure, A Theory for Parts of Software Systems, Basic Compositions with Devices, Analysis of Large-Scale Software Systems, Modular Infrastructure Design, Computation, Numbers and Arithmetic, Data, Basic Control Flow, Structured Programming, Typing, Further Issues in Computation, Conclusion.
700 1 _aFagereng Johansen Martin
_99594
700 1 _aMartin F. Johansen
_99595
942 _cBK
999 _c9691
_d9691